00381nam a2200133Ia 4500008004100000082001400041100002200055245001100077260001800088600002000106942000700126952009700133999001700230241002s9999 xx 000 0 und d a398.9 ROC aRochefoucauld, LA 0aMaxims aLondon:c1967 aSocial Sciences cUC 00104070aUITUbUITUd1994-01-01l0o398.9 ROCpUC487r2024-10-02 09:31:22w2024-10-02yUC c18814d18814